[Event "Grand Swiss "]
[Date "2025.09.08"]
[White "Santos Latasa, Jaime"]
[Black "Artemiev, Vladislav"]
[WhiteElo "2620"]
[BlackElo "2664"]
[Round "5.5.39"]
[Result "1/2-1/2"]

1. e4 {[%clk 01:40:57] [%emt 00:00:02]} e5 {[%clk 01:40:39] [%emt 00:00:21]} 2.
Nf3 {[%clk 01:41:22] [%emt 00:00:06]} Nc6 {[%clk 01:40:53] [%emt 00:00:16]} 3.
Bc4 {[%clk 01:41:48] [%emt 00:00:04]} Nf6 {[%clk 01:40:52] [%emt 00:00:31]} 4.
d3 {[%clk 01:42:13] [%emt 00:00:05]} Be7 {[%clk 01:40:26] [%emt 00:00:56]} 5.
O-O {[%clk 01:41:49] [%emt 00:00:54]} O-O {[%clk 01:40:24] [%emt 00:00:32]} 6.
Nc3 {[%clk 01:41:17] [%emt 00:01:02]} d6 {[%clk 01:40:28] [%emt 00:00:26]} 7. a4
{[%clk 01:40:24] [%emt 00:01:24]} a5 {[%clk 01:37:55] [%emt 00:03:02]} 8. Re1
{[%clk 01:38:40] [%emt 00:02:14]} h6 {[%clk 01:35:20] [%emt 00:03:05]} 9. h3
{[%clk 01:37:15] [%emt 00:01:55]} Re8 {[%clk 01:35:24] [%emt 00:00:26]} 10. d4
{[%clk 01:35:54] [%emt 00:01:51]} exd4 {[%clk 01:29:50] [%emt 00:06:04]} 11.
Nxd4 {[%clk 01:35:36] [%emt 00:00:49]} Bf8 {[%clk 01:25:08] [%emt 00:05:11]} 12.
Bf4 {[%clk 01:33:03] [%emt 00:03:03]} Nxd4 {[%clk 01:21:37] [%emt 00:04:01]} 13.
Qxd4 {[%clk 01:32:27] [%emt 00:01:07]} c6 {[%clk 01:10:38] [%emt 00:11:28]} 14.
Rad1 {[%clk 01:29:34] [%emt 00:03:22]} Be6 {[%clk 01:08:39] [%emt 00:02:30]} 15.
Kf1 {[%clk 01:23:57] [%emt 00:06:08]} Bxc4+ {[%clk 01:01:45] [%emt 00:07:23]}
16. Qxc4 {[%clk 01:22:15] [%emt 00:02:12]} Re6 {[%clk 00:56:20] [%emt 00:05:55]}
17. f3 {[%clk 01:20:44] [%emt 00:02:01]} Rc8 {[%clk 00:38:42] [%emt 00:18:08]}
18. Qd3 {[%clk 01:15:18] [%emt 00:05:56]} d5 {[%clk 00:32:03] [%emt 00:07:09]}
19. exd5 {[%clk 01:14:11] [%emt 00:01:37]} Rxe1+ {[%clk 00:31:18] [%emt
00:01:15]} 20. Rxe1 {[%clk 01:14:23] [%emt 00:00:18]} Nxd5 {[%clk 00:30:58]
[%emt 00:00:50]} 21. Nxd5 {[%clk 01:14:10] [%emt 00:00:43]} Qxd5 {[%clk
00:29:52] [%emt 00:01:35]} 22. Qxd5 {[%clk 01:12:19] [%emt 00:02:21]} cxd5
{[%clk 00:30:15] [%emt 00:00:07]} 23. Re2 {[%clk 01:12:43] [%emt 00:00:06]} f6
{[%clk 00:24:20] [%emt 00:06:25]} 24. Be3 {[%clk 01:12:01] [%emt 00:01:12]} Kf7
{[%clk 00:22:00] [%emt 00:02:51]} 25. b3 {[%clk 01:06:58] [%emt 00:05:32]} Rc6
{[%clk 00:11:01] [%emt 00:11:29]} 26. Bd4 {[%clk 01:05:59] [%emt 00:01:29]} b6
{[%clk 00:09:42] [%emt 00:01:50]} 27. Rd2 {[%clk 01:04:06] [%emt 00:02:22]} Bb4
{[%clk 00:09:12] [%emt 00:01:00]} 28. Re2 {[%clk 01:02:38] [%emt 00:01:58]} h5
{[%clk 00:06:33] [%emt 00:03:09]} 29. Bb2 {[%clk 01:02:22] [%emt 00:00:46]} h4
{[%clk 00:03:46] [%emt 00:03:17]} 30. Kf2 {[%clk 01:02:46] [%emt 00:00:07]} Bd6
{[%clk 00:03:45] [%emt 00:00:31]} 31. Ke3 {[%clk 01:00:51] [%emt 00:02:25]} Be5
{[%clk 00:01:11] [%emt 00:03:04]} 32. Bd4 {[%clk 01:01:14] [%emt 00:00:06]}
1/2-1/2

[Site "Europe Echecs"]

[Event "Grand Swiss "]
[Date "2025.09.08"]
[White "Hakobyan, Aram"]
[Black "Wojtaszek, Radoslaw"]
[WhiteElo "2625"]
[BlackElo "2661"]
[Round "5.5.40"]
[Result "1/2-1/2"]

1. e4 {[%clk 01:40:55] [%emt 00:00:03]} e5 {[%clk 01:40:56] [%emt 00:00:05]} 2.
Nf3 {[%clk 01:41:15] [%emt 00:00:11]} Nc6 {[%clk 01:41:22] [%emt 00:00:04]} 3.
Bb5 {[%clk 01:41:29] [%emt 00:00:16]} a6 {[%clk 01:41:48] [%emt 00:00:04]} 4.
Ba4 {[%clk 01:41:49] [%emt 00:00:10]} Nf6 {[%clk 01:42:14] [%emt 00:00:04]} 5.
O-O {[%clk 01:42:03] [%emt 00:00:16]} Be7 {[%clk 01:42:39] [%emt 00:00:05]} 6.
d3 {[%clk 01:42:10] [%emt 00:00:23]} b5 {[%clk 01:42:53] [%emt 00:00:17]} 7. Bb3
{[%clk 01:42:37] [%emt 00:00:03]} d6 {[%clk 01:43:08] [%emt 00:00:14]} 8. c3
{[%clk 01:42:42] [%emt 00:00:26]} O-O {[%clk 01:42:58] [%emt 00:00:40]} 9. h3
{[%clk 01:42:21] [%emt 00:00:51]} h6 {[%clk 01:38:49] [%emt 00:04:39]} 10. d4
{[%clk 01:39:32] [%emt 00:03:19]} Re8 {[%clk 01:35:33] [%emt 00:03:46]} 11. Re1
{[%clk 01:39:06] [%emt 00:00:56]} Bf8 {[%clk 01:34:27] [%emt 00:01:37]} 12. Nbd2
{[%clk 01:39:22] [%emt 00:00:14]} Bb7 {[%clk 01:32:24] [%emt 00:02:33]} 13. Bc2
{[%clk 01:39:09] [%emt 00:00:44]} Nb8 {[%clk 01:26:22] [%emt 00:06:32]} 14. b3
{[%clk 01:37:05] [%emt 00:02:34]} Nbd7 {[%clk 01:26:47] [%emt 00:00:05]} 15. Bb2
{[%clk 01:36:58] [%emt 00:00:37]} c6 {[%clk 01:27:02] [%emt 00:00:16]} 16. Bd3
{[%clk 01:31:37] [%emt 00:05:50]} g6 {[%clk 01:27:25] [%emt 00:00:06]} 17. a4
{[%clk 01:29:56] [%emt 00:02:12]} Nh5 {[%clk 01:25:36] [%emt 00:02:18]} 18. Qc2
{[%clk 01:21:07] [%emt 00:09:19]} Nf4 {[%clk 01:13:14] [%emt 00:12:52]} 19. Bf1
{[%clk 01:19:36] [%emt 00:02:02]} Rc8 {[%clk 01:12:20] [%emt 00:01:24]} 20. b4
{[%clk 01:07:56] [%emt 00:12:10]} Ne6 {[%clk 00:59:26] [%emt 00:13:24]} 21. Nb3
{[%clk 01:00:06] [%emt 00:08:20]} Qc7 {[%clk 00:57:40] [%emt 00:02:15]} 22. Na5
{[%clk 00:49:20] [%emt 00:11:17]} Ba8 {[%clk 00:57:11] [%emt 00:00:59]} 23. axb5
{[%clk 00:45:40] [%emt 00:04:10]} axb5 {[%clk 00:56:18] [%emt 00:01:23]} 24. Qb3
{[%clk 00:45:03] [%emt 00:01:07]} Bg7 {[%clk 00:45:57] [%emt 00:10:50]} 25. Rad1
{[%clk 00:41:41] [%emt 00:03:52]} Qb6 {[%clk 00:38:49] [%emt 00:07:38]} 26. Qa3
{[%clk 00:32:34] [%emt 00:09:37]} Rcd8 {[%clk 00:34:51] [%emt 00:04:28]} 27. Nb3
{[%clk 00:27:43] [%emt 00:05:21]} Bb7 {[%clk 00:29:12] [%emt 00:06:09]} 28. Qa5
{[%clk 00:27:49] [%emt 00:00:24]} Qxa5 {[%clk 00:25:16] [%emt 00:04:26]} 29.
Nxa5 {[%clk 00:24:32] [%emt 00:03:47]} Ba8 {[%clk 00:25:42] [%emt 00:00:05]} 30.
Nxc6 {[%clk 00:21:58] [%emt 00:03:03]} Bxc6 {[%clk 00:25:55] [%emt 00:00:17]}
31. d5 {[%clk 00:22:26] [%emt 00:00:02]} Ba8 {[%clk 00:16:17] [%emt 00:10:08]}
32. dxe6 {[%clk 00:22:44] [%emt 00:00:12]} Rxe6 {[%clk 00:16:43] [%emt
00:00:04]} 33. Bxb5 {[%clk 00:22:08] [%emt 00:01:05]} Nf6 {[%clk 00:17:07] [%emt
00:00:06]} 34. Nd2 {[%clk 00:18:32] [%emt 00:04:07]} d5 {[%clk 00:17:36] [%emt
00:00:01]} 35. exd5 {[%clk 00:16:31] [%emt 00:02:31]} Nxd5 {[%clk 00:18:04]
[%emt 00:00:02]} 36. Ne4 {[%clk 00:12:37] [%emt 00:04:24]} f5 {[%clk 00:18:24]
[%emt 00:00:10]} 37. Nc5 {[%clk 00:11:51] [%emt 00:01:16]} Red6 {[%clk 00:17:52]
[%emt 00:01:01]} 38. Ba6 {[%clk 00:04:07] [%emt 00:08:15]} e4 {[%clk 00:13:47]
[%emt 00:04:35]} 39. Bb7 {[%clk 00:04:06] [%emt 00:00:31]} Nb6 {[%clk 00:13:04]
[%emt 00:01:13]} 40. Rxd6 {[%clk 00:03:06] [%emt 00:01:30]} Rxd6 {[%clk
00:13:33] [%emt 00:00:02]} 41. Bxa8 {[%clk 00:01:17] [%emt 00:02:19]} Nxa8
{[%clk 00:11:58] [%emt 00:02:04]} 42. f3 {[%clk 00:36:24] [%emt 00:15:24]} Rd2
{[%clk 00:58:26] [%emt 00:04:02]} 43. Na4 {[%clk 00:35:12] [%emt 00:01:42]} exf3
{[%clk 00:55:54] [%emt 00:03:03]} 44. gxf3 {[%clk 00:23:52] [%emt 00:11:50]}
1/2-1/2

[Site "Europe Echecs"]

[Event "Grand Swiss "]
[Date "2025.09.08"]
[White "Aryan Chopra"]
[Black "Grischuk, Alexander"]
[WhiteElo "2619"]
[BlackElo "2657"]
[Round "5.5.41"]
[Result "1/2-1/2"]

1. e4 {[%clk 01:40:57] [%emt 00:00:02]} c5 {[%clk 01:40:52] [%emt 00:00:09]} 2.
Nf3 {[%clk 01:41:23] [%emt 00:00:05]} d6 {[%clk 01:41:15] [%emt 00:00:06]} 3. d4
{[%clk 01:41:49] [%emt 00:00:04]} cxd4 {[%clk 01:41:41] [%emt 00:00:04]} 4. Nxd4
{[%clk 01:42:15] [%emt 00:00:04]} Nf6 {[%clk 01:42:05] [%emt 00:00:05]} 5. Nc3
{[%clk 01:42:42] [%emt 00:00:05]} a6 {[%clk 01:42:31] [%emt 00:00:04]} 6. Be3
{[%clk 01:43:05] [%emt 00:00:06]} Ng4 {[%clk 01:42:38] [%emt 00:00:24]} 7. Bc1
{[%clk 01:43:13] [%emt 00:00:23]} Nf6 {[%clk 01:42:08] [%emt 00:00:59]} 8. f3
{[%clk 01:43:38] [%emt 00:00:05]} b5 {[%clk 01:42:04] [%emt 00:00:34]} 9. Be3
{[%clk 01:36:22] [%emt 00:07:46]} Bb7 {[%clk 01:37:14] [%emt 00:05:20]} 10. Qd2
{[%clk 01:31:29] [%emt 00:05:24]} Nbd7 {[%clk 01:34:42] [%emt 00:03:01]} 11. a3
{[%clk 01:27:16] [%emt 00:04:44]} h5 {[%clk 01:29:10] [%emt 00:06:02]} 12. Be2
{[%clk 01:24:29] [%emt 00:03:18]} e6 {[%clk 01:23:17] [%emt 00:06:23]} 13. O-O
{[%clk 01:23:31] [%emt 00:01:27]} Rc8 {[%clk 01:16:30] [%emt 00:07:18]} 14. h3
{[%clk 01:09:36] [%emt 00:14:25]} Be7 {[%clk 01:13:05] [%emt 00:03:54]} 15. Rfe1
{[%clk 01:06:17] [%emt 00:03:50]} Qc7 {[%clk 01:06:22] [%emt 00:07:13]} 16. Rad1
{[%clk 00:54:24] [%emt 00:12:23]} O-O {[%clk 01:04:00] [%emt 00:02:52]} 17. Bg5
{[%clk 00:53:16] [%emt 00:01:38]} Rfe8 {[%clk 01:01:22] [%emt 00:03:08]} 18. Bf1
{[%clk 00:51:32] [%emt 00:02:15]} Bf8 {[%clk 00:51:00] [%emt 00:10:52]} 19. Kh1
{[%clk 00:48:00] [%emt 00:04:01]} Qb8 {[%clk 00:46:26] [%emt 00:05:04]} 20. Qe3
{[%clk 00:41:06] [%emt 00:07:24]} Ba8 {[%clk 00:40:56] [%emt 00:06:01]} 21. Nb3
{[%clk 00:31:29] [%emt 00:10:07]} Nh7 {[%clk 00:34:21] [%emt 00:07:05]} 22. Bh4
{[%clk 00:26:23] [%emt 00:05:37]} Ne5 {[%clk 00:34:19] [%emt 00:00:31]} 23. Nd4
{[%clk 00:22:34] [%emt 00:04:19]} Ng6 {[%clk 00:31:53] [%emt 00:02:55]} 24. Bf2
{[%clk 00:21:04] [%emt 00:02:01]} Nf6 {[%clk 00:31:23] [%emt 00:01:00]} 25. Bd3
{[%clk 00:20:50] [%emt 00:00:44]} Ne5 {[%clk 00:23:29] [%emt 00:08:23]} 26. Bg3
{[%clk 00:18:10] [%emt 00:03:10]} Qb6 {[%clk 00:21:08] [%emt 00:02:51]} 27. Bf1
{[%clk 00:16:22] [%emt 00:02:18]} Nfd7 {[%clk 00:15:21] [%emt 00:06:16]} 28. Qd2
{[%clk 00:12:57] [%emt 00:03:55]} Be7 {[%clk 00:07:49] [%emt 00:08:02]} 29. a4
{[%clk 00:09:19] [%emt 00:04:09]} b4 {[%clk 00:06:01] [%emt 00:02:18]} 30. Na2
{[%clk 00:09:45] [%emt 00:00:04]} Rb8 {[%clk 00:04:50] [%emt 00:01:42]} 31. Nc1
{[%clk 00:06:52] [%emt 00:03:24]} Rec8 {[%clk 00:05:03] [%emt 00:00:17]} 32. Bf2
{[%clk 00:06:16] [%emt 00:01:06]} Qb7 {[%clk 00:04:00] [%emt 00:01:32]} 33. b3
{[%clk 00:04:11] [%emt 00:02:36]} Nc5 {[%clk 00:03:11] [%emt 00:01:19]} 34. Nce2
{[%clk 00:03:59] [%emt 00:00:42]} Rc7 {[%clk 00:02:41] [%emt 00:01:00]} 35. h4
{[%clk 00:02:59] [%emt 00:01:30]} Ncd7 {[%clk 00:01:08] [%emt 00:02:03]} 36. Nf4
{[%clk 00:02:49] [%emt 00:00:41]} Nf6 {[%clk 00:01:36] [%emt 00:00:01]} 37. Qe2
{[%clk 00:02:43] [%emt 00:00:36]} a5 {[%clk 00:01:02] [%emt 00:01:04]} 38. Nb5
{[%clk 00:01:45] [%emt 00:01:28]} Rc6 {[%clk 00:01:15] [%emt 00:00:17]} 39. Rd2
{[%clk 00:02:10] [%emt 00:00:05]} g6 {[%clk 00:00:46] [%emt 00:00:59]} 40. Red1
{[%clk 00:01:44] [%emt 00:00:55]} Ne8 {[%clk 00:01:10] [%emt 00:00:07]} 41. Nh3
{[%clk 00:47:26] [%emt 00:04:48]} Rd8 {[%clk 00:45:45] [%emt 00:05:55]} 42. Ng5
{[%clk 00:43:35] [%emt 00:04:21]} Rcc8 {[%clk 00:38:43] [%emt 00:07:32]} 43. Qe3
{[%clk 00:37:13] [%emt 00:06:52]} Rd7 {[%clk 00:29:41] [%emt 00:09:32]} 44. Qf4
{[%clk 00:29:13] [%emt 00:08:30]} Rcd8 {[%clk 00:24:11] [%emt 00:06:00]} 45. Nd4
{[%clk 00:15:06] [%emt 00:14:37]} Ng7 {[%clk 00:18:34] [%emt 00:06:07]} 46. Bb5
{[%clk 00:13:56] [%emt 00:01:40]} Rc7 {[%clk 00:19:00] [%emt 00:00:04]} 47. Bc4
{[%clk 00:09:00] [%emt 00:05:26]} Rxc4 {[%clk 00:11:49] [%emt 00:07:42]} 48.
bxc4 {[%clk 00:09:18] [%emt 00:00:11]} Rf8 {[%clk 00:12:16] [%emt 00:00:03]} 49.
Nb5 {[%clk 00:06:35] [%emt 00:03:14]} Nxc4 {[%clk 00:12:25] [%emt 00:00:20]} 50.
Nxd6 {[%clk 00:06:08] [%emt 00:00:56]} Qc7 {[%clk 00:08:55] [%emt 00:04:00]} 51.
e5 {[%clk 00:06:02] [%emt 00:00:36]} Nxd2 {[%clk 00:07:54] [%emt 00:01:31]} 52.
Rxd2 {[%clk 00:06:25] [%emt 00:00:07]} Nf5 {[%clk 00:03:09] [%emt 00:05:15]} 53.
Nxf5 {[%clk 00:06:43] [%emt 00:00:12]} exf5 {[%clk 00:02:09] [%emt 00:01:31]}
54. Be3 {[%clk 00:03:07] [%emt 00:04:07]} Rc8 {[%clk 00:01:45] [%emt 00:00:53]}
55. Qg3 {[%clk 00:03:34] [%emt 00:00:04]} b3 {[%clk 00:00:34] [%emt 00:01:41]}
56. cxb3 {[%clk 00:03:14] [%emt 00:00:49]} Qc3 {[%clk 00:00:48] [%emt 00:00:16]}
57. Qf4 {[%clk 00:01:46] [%emt 00:01:59]} Qxb3 {[%clk 00:00:44] [%emt 00:00:34]}
58. Kh2 {[%clk 00:00:55] [%emt 00:01:20]} Rc4 {[%clk 00:01:00] [%emt 00:00:14]}
59. Rd4 {[%clk 00:01:24] [%emt 00:00:01]} Bd5 {[%clk 00:01:00] [%emt 00:00:30]}
60. e6 {[%clk 00:00:43] [%emt 00:01:11]} fxe6 {[%clk 00:00:54] [%emt 00:00:36]}
61. Rxc4 {[%clk 00:10:51] [%emt 00:05:23]} Qxc4 {[%clk 00:05:46] [%emt
00:10:38]} 62. Qb8+ {[%clk 00:11:17] [%emt 00:00:04]} Bf8 {[%clk 00:05:41] [%emt
00:00:35]} 63. Bf4 {[%clk 00:09:04] [%emt 00:02:43]} e5 {[%clk 00:05:47] [%emt
00:00:23]} 64. Qxe5 {[%clk 00:08:30] [%emt 00:01:04]} Bf7 {[%clk 00:06:16] [%emt
00:00:01]} 65. Kh3 {[%clk 00:08:09] [%emt 00:00:52]} Qc5 {[%clk 00:03:56] [%emt
00:02:50]} 66. Qb8 {[%clk 00:08:25] [%emt 00:00:14]} Qe7 {[%clk 00:03:29] [%emt
00:00:57]} 67. Qa8 {[%clk 00:07:55] [%emt 00:01:00]} Qb4 {[%clk 00:02:34] [%emt
00:01:25]} 68. Qa7 {[%clk 00:07:02] [%emt 00:01:22]} Be7 {[%clk 00:03:01] [%emt
00:00:03]} 69. Bd2 {[%clk 00:05:10] [%emt 00:02:22]} Qc5 {[%clk 00:03:14] [%emt
00:00:16]} 70. Qa8+ {[%clk 00:03:28] [%emt 00:02:13]} Kg7 {[%clk 00:03:24] [%emt
00:00:19]} 71. Qb7 {[%clk 00:02:26] [%emt 00:01:32]} Bxg5 {[%clk 00:03:14] [%emt
00:00:39]} 72. Bxg5 {[%clk 00:02:10] [%emt 00:00:46]} f4 {[%clk 00:02:55] [%emt
00:00:50]} 73. Kh2 {[%clk 00:01:08] [%emt 00:01:33]} Qe5 {[%clk 00:02:01] [%emt
00:01:23]} 74. Qd7 {[%clk 00:00:52] [%emt 00:00:46]} Kg8 {[%clk 00:02:06] [%emt
00:00:25]} 75. Qd2 {[%clk 00:00:47] [%emt 00:00:34]} Be8 {[%clk 00:01:40] [%emt
00:00:57]} 76. Bxf4 {[%clk 00:00:43] [%emt 00:00:34]} Qe7 {[%clk 00:01:22] [%emt
00:00:47]} 77. Qd5+ {[%clk 00:00:41] [%emt 00:00:33]} Kh7 {[%clk 00:01:25] [%emt
00:00:27]} 78. Bg3 {[%clk 00:00:43] [%emt 00:00:28]} Bxa4 {[%clk 00:01:48] [%emt
00:00:07]} 79. Qxa5 {[%clk 00:01:10] [%emt 00:00:02]} Bc2 {[%clk 00:01:49] [%emt
00:00:29]} 80. Qc3 {[%clk 00:01:23] [%emt 00:00:19]} Bf5 {[%clk 00:02:10] [%emt
00:00:08]} 81. Qd4 {[%clk 00:01:45] [%emt 00:00:08]} Kg8 {[%clk 00:01:44] [%emt
00:00:56]} 82. Bd6 {[%clk 00:02:00] [%emt 00:00:15]} Qe6 {[%clk 00:02:01] [%emt
00:00:11]} 83. Be5 {[%clk 00:02:23] [%emt 00:00:09]} Kf7 {[%clk 00:02:15] [%emt
00:00:16]} 84. Kg3 {[%clk 00:02:48] [%emt 00:00:05]} Qd7 {[%clk 00:02:13] [%emt
00:00:32]} 85. Qc4+ {[%clk 00:03:09] [%emt 00:00:10]} Qe6 {[%clk 00:02:31] [%emt
00:00:12]} 86. Qf4 {[%clk 00:03:36] [%emt 00:00:02]} Ke8 {[%clk 00:02:47] [%emt
00:00:13]} 87. Qa4+ {[%clk 00:03:53] [%emt 00:00:14]} Kf7 {[%clk 00:03:02] [%emt
00:00:14]} 88. Qa5 {[%clk 00:03:20] [%emt 00:01:04]} Qe7 {[%clk 00:03:18] [%emt
00:00:13]} 89. Bc3 {[%clk 00:01:49] [%emt 00:02:01]} Qd6+ {[%clk 00:03:22] [%emt
00:00:26]} 90. Kf2 {[%clk 00:02:16] [%emt 00:00:03]} Qe7 {[%clk 00:02:56] [%emt
00:00:55]} 91. Qd5+ {[%clk 00:02:42] [%emt 00:00:05]} Qe6 {[%clk 00:03:15] [%emt
00:00:10]} 92. Qd4 {[%clk 00:03:10] [%emt 00:00:03]} Qe7 {[%clk 00:03:17] [%emt
00:00:28]} 93. Qg7+ {[%clk 00:03:10] [%emt 00:00:30]} Ke8 {[%clk 00:03:36] [%emt
00:00:10]} 94. Qg8+ {[%clk 00:03:35] [%emt 00:00:05]} Kd7 {[%clk 00:03:58] [%emt
00:00:08]} 95. Qc4 {[%clk 00:03:54] [%emt 00:00:12]} Qe6 {[%clk 00:04:08] [%emt
00:00:20]} 96. Qa4+ {[%clk 00:02:01] [%emt 00:02:23]} Qc6 {[%clk 00:04:33] [%emt
00:00:05]} 97. Qa5 {[%clk 00:02:28] [%emt 00:00:04]} Qc7 {[%clk 00:04:43] [%emt
00:00:18]} 98. Qb5+ {[%clk 00:01:59] [%emt 00:01:00]} Qc6 {[%clk 00:05:10] [%emt
00:00:03]} 99. Qb2 {[%clk 00:02:27] [%emt 00:00:02]} Qc7 {[%clk 00:05:00] [%emt
00:00:39]} 100. Ke3 {[%clk 00:02:15] [%emt 00:00:43]} Kc6 {[%clk 00:05:03] [%emt
00:00:27]} 101. Qa3 {[%clk 00:01:46] [%emt 00:00:59]} Kd7 {[%clk 00:04:58] [%emt
00:00:34]} 102. Bd4 {[%clk 00:00:44] [%emt 00:01:32]} Qd6 {[%clk 00:05:13] [%emt
00:00:14]} 103. Qa7+ {[%clk 00:01:11] [%emt 00:00:04]} Qc7 {[%clk 00:05:37]
[%emt 00:00:05]} 104. Qa4+ {[%clk 00:01:30] [%emt 00:00:11]} Qc6 {[%clk
00:06:01] [%emt 00:00:05]} 105. Qa1 {[%clk 00:01:55] [%emt 00:00:06]} Qc7 {[%clk
00:03:45] [%emt 00:02:46]} 106. Be5 {[%clk 00:01:26] [%emt 00:00:59]} Qc5+
{[%clk 00:03:54] [%emt 00:00:20]} 107. Kf4 {[%clk 00:01:28] [%emt 00:00:30]}
Qb4+ {[%clk 00:04:14] [%emt 00:00:09]} 108. Kg3 {[%clk 00:01:33] [%emt
00:00:26]} Ke6 {[%clk 00:03:46] [%emt 00:00:57]} 109. Bf4 {[%clk 00:01:51] [%emt
00:00:12]} Kf7 {[%clk 00:03:47] [%emt 00:00:27]} 110. Qa2+ {[%clk 00:02:05]
[%emt 00:00:18]} Be6 {[%clk 00:04:10] [%emt 00:00:07]} 111. Qa7+ {[%clk
00:02:31] [%emt 00:00:05]} Qe7 {[%clk 00:04:35] [%emt 00:00:05]} 112. Qd4 {[%clk
00:02:25] [%emt 00:00:36]} Bf5 {[%clk 00:04:35] [%emt 00:00:30]} 113. Qc3 {[%clk
00:02:51] [%emt 00:00:04]} Qe6 {[%clk 00:04:27] [%emt 00:00:37]} 114. Be5 {[%clk
00:03:13] [%emt 00:00:09]} Qe7 {[%clk 00:04:36] [%emt 00:00:20]} 115. Qc4+
{[%clk 00:03:21] [%emt 00:00:23]} Qe6 {[%clk 00:04:57] [%emt 00:00:09]} 116. Qd4
{[%clk 00:03:48] [%emt 00:00:03]} Qe7 {[%clk 00:05:01] [%emt 00:00:25]} 117. Kf2
{[%clk 00:04:06] [%emt 00:00:12]} Qd7 {[%clk 00:05:09] [%emt 00:00:22]} 118. Qf4
{[%clk 00:03:27] [%emt 00:01:10]} Ke8 {[%clk 00:05:26] [%emt 00:00:12]} 119. Bd4
{[%clk 00:03:46] [%emt 00:00:12]} Qe6 {[%clk 00:05:14] [%emt 00:00:41]} 120.
Qb8+ {[%clk 00:04:04] [%emt 00:00:13]} Qc8 {[%clk 00:05:31] [%emt 00:00:12]}
121. Qe5+ {[%clk 00:03:50] [%emt 00:00:45]} Qe6 {[%clk 00:05:54] [%emt
00:00:07]} 122. Qb5+ {[%clk 00:03:40] [%emt 00:00:41]} Qd7 {[%clk 00:06:12]
[%emt 00:00:12]} 123. Qb6 {[%clk 00:01:29] [%emt 00:02:42]} Qd8 {[%clk 00:06:23]
[%emt 00:00:16]} 124. Qc6+ {[%clk 00:01:32] [%emt 00:00:29]} Kf7 {[%clk
00:05:51] [%emt 00:01:01]} 125. Qb7+ {[%clk 00:01:56] [%emt 00:00:06]} Ke8
{[%clk 00:05:35] [%emt 00:00:45]} 1/2-1/2

[Site "Europe Echecs"]